Normal view
MARC view
Entry Personal Name
001 - CONTROL NUMBER
- control field: 17312
003 - CONTROL NUMBER IDENTIFIER
- control field: BD-RjUL
005 - DATE AND TIME OF LATEST TRANSACTION
- control field: 20251112122917.0
008 - FIXED-LENGTH DATA ELEMENTS
- fixed length control field: 251112|| aca||aabn | a|a d
040 ## - CATALOGING SOURCE
- Original cataloging agency: BD-RjUL
- Transcribing agency: BD-RjUL
100 ## - HEADING--PERSONAL NAME
- Personal name: ইসলাম, কাজী নূরুল
670 ## - SOURCE DATA FOUND
- Source citation: Work cat.: (BD-RjUL)85942: ইসলাম, আজিজুন্নাহার 17309, তুলনামূলক ধর্ম নৈতিকতা ও মানবকল্যাণ / , ২০১৬, [ মুদ্রণ ২০২৪]